Analýza podnikateľského prostredia a bariér absorpčnej schopnosti regiónov výskumná správa

Gespeichert in:
Bibliographische Detailangaben
1. Verfasser: Buček, Milan
Körperschaft: Ekonomická univerzita v Bratislave
Weitere Verfasser: Tvrdoň, Jozef, Ivaničková, Alžbeta
Format: Buch
Sprache:Slowakisch
Veröffentlicht: Bratislava Ekonomická univerzita v Bratislave 2003
Schlagworte:
Tags: Tag hinzufügen
Keine Tags, Fügen Sie das erste Tag hinzu!

MARC

LEADER 00000nam$a2200000$$$4500
001 0005259
005 20240503075350.4
041 0 |a slo 
044 |a SK 
245 1 0 |a Analýza podnikateľského prostredia a bariér absorpčnej schopnosti regiónov  |b výskumná správa  |c Milan Buček, Jozef Tvrdoň, Alžbeta Ivaničková 
264 1 |a Bratislava  |b Ekonomická univerzita v Bratislave  |c 2003 
300 |a 25 s. 
610 2 0 |a prostredie podnikateľské 
610 2 0 |a podnik malý 
610 2 0 |a podnik stredný 
610 2 0 |a regióny 
610 2 0 |a rozvoj regionálny 
610 2 0 |a Slovensko 
610 2 0 |a Európska únia 
610 2 0 |a podnikanie 
100 1 |a Buček, Milan 
700 1 |a Tvrdoň, Jozef 
700 1 |a Ivaničková, Alžbeta 
710 2 |a Ekonomická univerzita v Bratislave